[Event "St Petersburg Korchnoi Memorial op"]
[Site "St Petersburg"]
[Date "2023.08.23"]
[Round "8"]
[White "Terentev, Mikhail"]
[Black "Shapiro, Viktor"]
[Result "1-0"]
[WhiteElo "1992"]
[BlackElo "2144"]
[PlyCount "55"]
[EventDate "2023.08.18"]
[EventType "swiss"]
[EventRounds "9"]
[EventCountry "RUS"]
[SourceTitle "EXT 2024"]
[Source "ChessBase"]
[SourceDate "2023.10.10"]
[SourceVersion "1"]
[SourceVersionDate "2023.10.10"]
[SourceQuality "1"]

1. e4 c5 2. Nf3 d6 3. d4 cxd4 4. Nxd4 Nf6 5. Nc3 a6 6. Bg5 e6 7. f4 Nbd7 8. Qe2 Qc7 9. 0-0-0 Be7 10. g4 b5 11. Bg2 Bb7 12. e5 dxe5 13. fxe5 Nd5 14. Bxe7 Nxc3 15. bxc3 Kxe7 16. Bxb7 Qxb7 17. Rhf1 Rhf8 18. Nf5+ exf5 19. gxf5 Rfe8 20. Qg4 Rg8 21. f6+ Ke8 22. e6 Ne5 23. Qh5 gxf6 24. Rxf6 Qc7 25. exf7+ Nxf7 26. Re1+ Kf8 27. Qh6+ Rg7 28. Rg1 1-0

[Event "St Petersburg Korchnoi Memorial op"]
[Site "St Petersburg"]
[Date "2023.08.19"]
[Round "2"]
[White "Terentev, Mikhail"]
[Black "Vlasenko, Miroslav"]
[Result "1/2-1/2"]
[WhiteElo "1992"]
[BlackElo "2386"]
[PlyCount "79"]
[EventDate "2023.08.18"]
[EventType "swiss"]
[EventRounds "9"]
[EventCountry "RUS"]
[SourceTitle "EXT 2024"]
[Source "ChessBase"]
[SourceDate "2023.10.10"]
[SourceVersion "1"]
[SourceVersionDate "2023.10.10"]
[SourceQuality "1"]

1. e4 c5 2. Nf3 Nc6 3. Bb5 e5 4. 0-0 d6 5. c3 Qb6 6. Na3 a6 7. Ba4 Qc7 8. Bxc6+ Qxc6 9. d4 Nf6 10. Re1 Qc7 11. dxe5 dxe5 12. Nc4 Ng4 13. h3 Be6 14. Qa4+ b5 15. Qa5 Qxa5 16. Nxa5 Nf6 17. Nc6 Nd7 18. Ncxe5 Nxe5 19. Nxe5 f6 20. Nd3 0-0-0 21. Nf4 Bf7 22. Be3 Bd6 23. a4 b4 24. Nd3 bxc3 25. bxc3 Bh2+ 26. Kxh2 Rxd3 27. Bxc5 Rxc3 28. Rec1 Rxc1 29. Rxc1 Kd7 30. Bb6 Rc8 31. Rxc8 Kxc8 32. f3 Kd7 33. Kg3 a5 34. Bxa5 Bb3 35. Bc3 Bxa4 36. Kf4 Ke6 37. g4 Bd7 38. h4 g6 39. g5 fxg5+ 40. hxg5 1/2-1/2

[Event "Ekaterinburg Rapid op"]
[Site "Ekaterinburg"]
[Date "2023.08.11"]
[Round "2"]
[White "Terentev, Mikhail"]
[Black "Kuzmin, Roman"]
[Result "0-1"]
[WhiteElo "1992"]
[BlackElo "2167"]
[PlyCount "88"]
[EventDate "2023.08.11"]
[EventType "swiss (rapid)"]
[EventRounds "11"]
[EventCountry "RUS"]
[SourceTitle "CBM 215 Extra"]
[Source "ChessBase"]
[SourceDate "2023.09.30"]
[SourceVersion "1"]
[SourceVersionDate "2023.09.30"]
[SourceQuality "1"]

1. e4 c5 2. Nf3 d6 3. d4 cxd4 4. Nxd4 Nf6 5. Nc3 a6 6. Bg5 e6 7. f4 h6 8. Bh4 Qb6 9. a3 Nbd7 10. Bf2 Qc7 11. Qe2 b5 12. 0-0-0 Bb7 13. g4 g5 14. f5 e5 15. Nb3 Nb6 16. Na5 Na4 17. Nxa4 Qxa5 18. Nc3 Rc8 19. Nd5 Bxd5 20. exd5 Qa4 21. h3 Be7 22. Kb1 Kd7 23. Qd3 Rc7 24. Be2 Rb8 25. Qb3 Ne4 26. Be3 Qxb3 27. cxb3 Ng3 28. Rhe1 Nxe2 29. Rxe2 h5 30. Ree1 Rh8 31. Rh1 Rcc8 32. Rc1 Rxc1+ 33. Rxc1 hxg4 34. hxg4 Rh4 35. Rg1 Rh3 36. Bc1 Rd3 37. Rh1 Bf6 38. Rh5 e4 39. Kc2 Rxd5 40. Bxg5 Bxg5 41. Rxg5 e3 42. Rh5 Rd2+ 43. Kc1 Rg2 44. Rh3 Rg1+ 0-1

[Event "Cheliabinsk Lozovatsky Memorial-A"]
[Site "Cheliabinsk"]
[Date "2023.02.05"]
[Round "10"]
[White "Sharikov, Alexander"]
[Black "Terentev, Mikhail"]
[Result "0-1"]
[WhiteElo "2167"]
[BlackElo "2025"]
[PlyCount "68"]
[EventDate "2023.01.27"]
[EventType "swiss"]
[EventRounds "10"]
[EventCountry "RUS"]
[SourceTitle "CBM 212 Extra"]
[Source "ChessBase"]
[SourceDate "2023.03.31"]
[SourceVersion "1"]
[SourceVersionDate "2023.03.31"]
[SourceQuality "1"]

1. d4 Nf6 2. Nc3 d5 3. Bf4 c5 4. e3 cxd4 5. exd4 a6 6. Nf3 Nc6 7. Ne5 e6 8. Nxc6 bxc6 9. Na4 Bd6 10. Bxd6 Qxd6 11. c3 0-0 12. Be2 a5 13. 0-0 Ba6 14. Nc5 Bxe2 15. Qxe2 Nd7 16. b4 axb4 17. cxb4 Ra3 18. Qb2 Rfa8 19. Rfc1 Nf6 20. h3 Qf4 21. Rc3 R3a7 22. Rf3 Qb8 23. a3 Nd7 24. Nxd7 Rxd7 25. Rc1 Qb6 26. Rc5 g6 27. Qc1 Kg7 28. Qf4 Rda7 29. h4 h5 30. Qf6+ Kg8 31. g4 hxg4 32. h5 Qd8 33. h6 Qxf6 34. Rxf6 Kh7 0-1

[Event "Cheliabinsk Lozovatsky Memorial-A"]
[Site "Cheliabinsk"]
[Date "2023.02.04"]
[Round "9"]
[White "Makov, Artem"]
[Black "Terentev, Mikhail"]
[Result "1-0"]
[WhiteElo "2018"]
[BlackElo "2025"]
[PlyCount "69"]
[EventDate "2023.01.27"]
[EventType "swiss"]
[EventRounds "10"]
[EventCountry "RUS"]
[SourceTitle "CBM 212 Extra"]
[Source "ChessBase"]
[SourceDate "2023.03.31"]
[SourceVersion "1"]
[SourceVersionDate "2023.03.31"]
[SourceQuality "1"]

1. d4 Nf6 2. Nf3 g6 3. c4 Bg7 4. Nc3 0-0 5. e4 d6 6. Be2 e5 7. Be3 Ng4 8. Bg5 f6 9. Bh4 Nc6 10. 0-0 g5 11. Bg3 f5 12. exf5 exd4 13. Nb5 d3 14. Bxd3 Nge5 15. Nxe5 Nxe5 16. Be4 Bxf5 17. Bxb7 Rb8 18. Nxa7 Bd7 19. c5 Qf6 20. c6 Be6 21. Nb5 Qf7 22. b3 h5 23. f4 gxf4 24. Rxf4 Qg6 25. Rxf8+ Rxf8 26. Nxc7 h4 27. Nxe6 hxg3 28. Nxf8 Qh6 29. c7 Qe3+ 30. Kh1 Nd3 31. Bd5+ Kh8 32. Qxd3 Qxd3 33. c8Q Bxa1 34. Ne6+ Kh7 35. Be4+ 1-0

[Event "Cheliabinsk Lozovatsky Memorial-A"]
[Site "Cheliabinsk"]
[Date "2023.01.27"]
[Round "1"]
[White "Rostovtsev, Dmitry"]
[Black "Terentev, Mikhail"]
[Result "1/2-1/2"]
[WhiteElo "2305"]
[BlackElo "2025"]
[PlyCount "83"]
[EventDate "2023.01.27"]
[EventType "swiss"]
[EventRounds "10"]
[EventCountry "RUS"]
[SourceTitle "CBM 212 Extra"]
[Source "ChessBase"]
[SourceDate "2023.03.31"]
[SourceVersion "1"]
[SourceVersionDate "2023.03.31"]
[SourceQuality "1"]

1. d4 Nf6 2. c4 g6 3. Nc3 Bg7 4. e4 d6 5. Nf3 0-0 6. Be2 c5 7. d5 e6 8. h3 exd5 9. exd5 Bf5 10. g4 Be4 11. Bg5 Bxf3 12. Bxf3 Re8+ 13. Kf1 Nbd7 14. Kg2 a6 15. a4 Qb6 16. Qc2 Qb4 17. b3 Qa5 18. Bd2 Qb6 19. g5 Nh5 20. Bxh5 gxh5 21. Rae1 Ne5 22. f4 Ng6 23. f5 Ne5 24. Ne4 Qc7 25. a5 b6 26. axb6 Qxb6 27. Re3 a5 28. f6 Bf8 29. Nc3 Ng6 30. Rhe1 Rxe3 31. Rxe3 Qb7 32. Nb5 Qd7 33. Re1 Nh4+ 34. Kg3 Nf5+ 35. Kh2 Nh4 36. Qe4 Ng6 37. Re3 a4 38. b4 a3 39. Nxa3 cxb4 40. Bxb4 Ra4 41. Qb1 Qa7 42. Nc2 1/2-1/2

[Event "Chigorin Memorial 27th"]
[Site "St Petersburg"]
[Date "2019.10.09"]
[Round "5"]
[White "Terentev, Mikhail"]
[Black "Mnatsakanian, Arsen"]
[Result "1/2-1/2"]
[WhiteElo "2096"]
[BlackElo "2321"]
[PlyCount "103"]
[EventDate "2019.10.05"]
[EventType "swiss"]
[EventRounds "9"]
[EventCountry "RUS"]
[SourceTitle "EXT 2020"]
[Source "ChessBase"]
[SourceDate "2019.10.17"]
[SourceVersion "1"]
[SourceVersionDate "2019.10.17"]
[SourceQuality "1"]

1. e4 d6 2. d4 Nf6 3. Nc3 g6 4. f4 Bg7 5. Nf3 c5 6. dxc5 Qa5 7. Bd3 Qxc5 8. Qe2 Nc6 9. Be3 Qa5 10. 0-0 Bg4 11. h3 Bxf3 12. Qxf3 0-0 13. a3 Nd7 14. Rab1 Bxc3 15. bxc3 Nc5 16. Bd2 Nxd3 17. cxd3 Qxa3 18. Rxb7 Rab8 19. Rfb1 Rxb7 20. Rxb7 Qa2 21. Qd1 Rb8 22. Rxb8+ Nxb8 23. Be3 a5 24. Kh2 a4 25. Qg4 Qe6 26. Qg5 f5 27. exf5 Qf6 28. fxg6 Qxg5 29. gxh7+ Kxh7 30. fxg5 a3 31. Bc1 a2 32. Bb2 Nc6 33. Kg3 Ne5 34. d4 Nd3 35. Ba1 d5 36. Kg4 e6 37. h4 Ne1 38. Kf4 Kg6 39. Ke5 Kf7 40. Kd6 Nxg2 41. g6+ Kxg6 42. Kxe6 Ne3 43. c4 dxc4 44. d5 Nc2 45. d6 Nxa1 46. d7 Nb3 47. d8Q a1Q 48. Qg5+ Kh7 49. Qf5+ Kh8 50. Qh5+ Kg7 51. Qf7+ Kh6 52. Qf4+ 1/2-1/2

[Event "Chigorin Memorial 27th"]
[Site "St Petersburg"]
[Date "2019.10.08"]
[Round "4"]
[White "Gevorgyan, David"]
[Black "Terentev, Mikhail"]
[Result "1/2-1/2"]
[WhiteElo "2336"]
[BlackElo "2096"]
[PlyCount "75"]
[EventDate "2019.10.05"]
[EventType "swiss"]
[EventRounds "9"]
[EventCountry "RUS"]
[SourceTitle "EXT 2020"]
[Source "ChessBase"]
[SourceDate "2019.10.17"]
[SourceVersion "1"]
[SourceVersionDate "2019.10.17"]
[SourceQuality "1"]

1. d4 Nf6 2. c4 e6 3. Nc3 Bb4 4. e3 0-0 5. Bd3 d5 6. a3 Bxc3+ 7. bxc3 dxc4 8. Bxc4 c5 9. Ne2 Qc7 10. Bd3 Rd8 11. e4 Nc6 12. e5 Nxe5 13. dxe5 c4 14. exf6 cxd3 15. 0-0 dxe2 16. Qxe2 gxf6 17. Qg4+ Kh8 18. Qh4 Qe5 19. Be3 Qf5 20. f4 Rg8 21. Bd4 Rg6 22. h3 e5 23. fxe5 Qxh3 24. Qxf6+ Rxf6 25. gxh3 Rxf1+ 26. Rxf1 Be6 27. Kf2 b6 28. Ke3 Kg8 29. h4 Rc8 30. Rg1+ Kf8 31. Ra1 Ke7 32. a4 Kd7 33. a5 Rb8 34. axb6 axb6 35. Rg1 Kc6 36. Ke4 Kb5 37. Rb1+ Kc6 38. Rg1 1/2-1/2

[Event "Chigorin Memorial 27th"]
[Site "St Petersburg"]
[Date "2019.10.06"]
[Round "2"]
[White "Can, Isik"]
[Black "Terentev, Mikhail"]
[Result "1-0"]
[WhiteElo "2361"]
[BlackElo "2096"]
[PlyCount "111"]
[EventDate "2019.10.05"]
[EventType "swiss"]
[EventRounds "9"]
[EventCountry "RUS"]
[SourceTitle "EXT 2020"]
[Source "ChessBase"]
[SourceDate "2019.10.17"]
[SourceVersion "1"]
[SourceVersionDate "2019.10.17"]
[SourceQuality "1"]

1. e4 c5 2. Nf3 d6 3. d4 cxd4 4. Nxd4 Nf6 5. Nc3 a6 6. Bg5 e6 7. f4 h6 8. Bh4 Qb6 9. a3 Be7 10. Bf2 Qc7 11. Qf3 Nbd7 12. 0-0-0 b5 13. g4 Bb7 14. f5 e5 15. Nb3 Rc8 16. Bd3 Bc6 17. Rd2 Rb8 18. h4 h5 19. g5 Ng4 20. Nd5 Bxd5 21. exd5 a5 22. f6 gxf6 23. g6 fxg6 24. Bxg6+ Kd8 25. Rd3 b4 26. a4 f5 27. Rd2 f4 28. Bxh5 Nxf2 29. Rxf2 Nc5 30. Nxc5 Qxc5 31. Re2 b3 32. Kb1 Qb4 33. Rc1 Qxa4 34. cxb3 Qxb3 35. Qg4 Qb7 36. Rec2 Rf8 37. Qe6 Rf6 38. Qg8+ Rf8 39. Qe6 Rf6 40. Qh3 e4 41. Qc3 Ra8 42. Qc4 e3 43. Bg4 Ke8 44. Qe4 Rb8 45. Rc8+ Rxc8 46. Rxc8+ Qxc8 47. Bxc8 f3 48. Qxe3 f2 49. Ba6 f1Q+ 50. Bxf1 Rxf1+ 51. Ka2 Rf5 52. Qe6 Re5 53. Qg8+ Kd7 54. h5 Kc7 55. h6 Kb6 56. Qf7 1-0

[Event "Sochi Amateur op 6th"]
[Site "Sochi"]
[Date "2019.04.11"]
[Round "7"]
[White "Potapova, Margarita"]
[Black "Terentev, Mikhail"]
[Result "1/2-1/2"]
[WhiteElo "2278"]
[BlackElo "2086"]
[PlyCount "75"]
[EventDate "2019.04.07"]
[EventType "swiss"]
[EventRounds "9"]
[EventCountry "RUS"]
[SourceTitle "CBM 189 Extra"]
[Source "ChessBase"]
[SourceDate "2019.06.03"]
[SourceVersion "1"]
[SourceVersionDate "2019.06.03"]
[SourceQuality "1"]

1. d4 Nf6 2. c4 g6 3. Nc3 Bg7 4. e4 d6 5. Nf3 0-0 6. Be2 c5 7. 0-0 Bg4 8. d5 Nfd7 9. h3 Bxf3 10. Bxf3 Na6 11. Be2 Nc7 12. f4 Rb8 13. Be3 a6 14. a4 b6 15. Qd2 Re8 16. Kh1 Nf8 17. e5 dxe5 18. f5 Nd7 19. a5 bxa5 20. Ne4 Nf6 21. Nxc5 gxf5 22. Rxf5 e6 23. dxe6 fxe6 24. Rf2 Qxd2 25. Bxd2 Rxb2 26. Bxa5 Rc8 27. Raf1 Ra2 28. Bxc7 Rxc7 29. Nxe6 Rc6 30. Rxf6 Bxf6 31. Rxf6 Rxe6 32. Rxe6 Rxe2 33. Rxa6 Rc2 34. Re6 Rxc4 35. Rxe5 Kg7 36. Rg5+ Kf6 37. Rg3 Ra4 38. Kh2 1/2-1/2

[Event "Sochi Amateur op 6th"]
[Site "Sochi"]
[Date "2019.04.08"]
[Round "2"]
[White "Chernov, Mikhail"]
[Black "Terentev, Mikhail"]
[Result "0-1"]
[WhiteElo "2266"]
[BlackElo "2086"]
[PlyCount "72"]
[EventDate "2019.04.07"]
[EventType "swiss"]
[EventRounds "9"]
[EventCountry "RUS"]
[SourceTitle "CBM 189 Extra"]
[Source "ChessBase"]
[SourceDate "2019.06.03"]
[SourceVersion "1"]
[SourceVersionDate "2019.06.03"]
[SourceQuality "1"]

1. e4 c6 2. d4 d5 3. Nc3 dxe4 4. Nxe4 Bf5 5. Ng3 Bg6 6. Bc4 e6 7. N1e2 Bd6 8. Nf4 Qc7 9. Nfh5 Bxh5 10. Nxh5 g6 11. Ng3 Nf6 12. Qf3 Nbd7 13. c3 h5 14. Bg5 Be7 15. 0-0 h4 16. Ne2 0-0-0 17. b4 Rh5 18. Bf4 Bd6 19. Bxd6 Qxd6 20. a4 g5 21. b5 c5 22. a5 g4 23. Qe3 Rdh8 24. a6 b6 25. Nf4 Rf5 26. Nd3 h3 27. g3 Rf3 28. Qe2 Nd5 29. Rac1 Rh5 30. Ne1 Nxc3 31. Qb2 cxd4 32. Nxf3 gxf3 33. Rxc3 dxc3 34. Qxc3 Rc5 35. Qh8+ Kc7 36. Bb3 Qd3 0-1

[Event "Belgrade ChessAmateur op 5th"]
[Site "Belgrade"]
[Date "2019.01.08"]
[Round "7"]
[White "Aliyev, Elnur Fakhraddin Og"]
[Black "Terentev, Mikhail"]
[Result "0-1"]
[WhiteElo "2221"]
[BlackElo "2086"]
[PlyCount "122"]
[EventDate "2019.01.04"]
[EventType "swiss"]
[EventRounds "9"]
[EventCountry "SRB"]
[SourceTitle "CBM 188 Extra"]
[Source "ChessBase"]
[SourceDate "2019.02.26"]
[SourceVersion "1"]
[SourceVersionDate "2019.02.26"]
[SourceQuality "1"]

1. Nf3 Nf6 2. g3 g6 3. b3 Bg7 4. Bb2 0-0 5. Bg2 d6 6. d4 Nc6 7. 0-0 Rb8 8. a4 Nb4 9. Nbd2 c5 10. dxc5 dxc5 11. Ne5 Ng4 12. Nec4 Bxb2 13. Nxb2 Qd4 14. Nbc4 Bf5 15. e4 Be6 16. Rc1 Na2 17. c3 Nxc3 18. Qf3 Na2 19. Rcd1 Ne5 20. Qf4 Nxc4 21. Nxc4 Qc3 22. e5 Nb4 23. h4 Qxb3 24. Nd2 Qb2 25. Ne4 Rbd8 26. Rxd8 Rxd8 27. Nxc5 Nd3 28. Qe3 Nxc5 29. Qxc5 Rd2 30. Qxa7 Kg7 31. Qe3 h5 32. Qc5 Qd4 33. Qxd4 Rxd4 34. Bxb7 Rxa4 35. Rc1 Rc4 36. Re1 Rc7 37. Bf3 Rc5 38. Bb7 Rc7 39. Ba8 Rc8 40. Be4 Rc5 41. f4 Bg4 42. Kf2 Rb5 43. Re3 Rb2+ 44. Ke1 Ra2 45. Rc3 Re2+ 46. Kd1 Rxe4+ 47. Kd2 Rd4+ 48. Ke3 Rd7 49. Ra3 Bf5 50. Rb3 Be6 51. Ra3 Rb7 52. Kd4 Rb3 53. Ra7 Rxg3 54. Rxe7 Rg4 55. Kc5 Rxf4 56. Ra7 Rxh4 57. Ra5 Rc4+ 58. Kd6 h4 59. Ke7 h3 60. Ra1 h2 61. Rh1 Rh4 0-1

[Event "Belgrade ChessAmateur op 5th"]
[Site "Belgrade"]
[Date "2019.01.04"]
[Round "1"]
[White "Terentev, Mikhail"]
[Black "Musovic, Armin"]
[Result "0-1"]
[WhiteElo "2086"]
[BlackElo "2301"]
[PlyCount "104"]
[EventDate "2019.01.04"]
[EventType "swiss"]
[EventRounds "9"]
[EventCountry "SRB"]
[SourceTitle "CBM 188 Extra"]
[Source "ChessBase"]
[SourceDate "2019.02.26"]
[SourceVersion "1"]
[SourceVersionDate "2019.02.26"]
[SourceQuality "1"]

1. e4 c6 2. d4 d5 3. e5 c5 4. dxc5 Nc6 5. Bb5 Bd7 6. Bxc6 bxc6 7. c3 g6 8. f4 Bg7 9. Nf3 Nh6 10. 0-0 0-0 11. Nd4 a5 12. b4 Qc7 13. a3 Rfb8 14. Bb2 Nf5 15. Nxf5 Bxf5 16. Qd4 f6 17. Re1 fxe5 18. fxe5 Be4 19. c4 axb4 20. axb4 Rxa1 21. Bxa1 Rxb4 22. Nd2 Bf5 23. Qc3 Ra4 24. Kh1 Be6 25. cxd5 Bxd5 26. Nf3 Qa7 27. Bb2 Rc4 28. Qe3 Qxc5 29. Qxc5 Rxc5 30. Ba3 Ra5 31. Bxe7 Bxf3 32. gxf3 Rxe5 33. Rxe5 Bxe5 34. Kg2 Kf7 35. Ba3 Ke6 36. Bc1 Kd5 37. f4 Bd6 38. Kf3 Kd4 39. Kg4 Ke4 40. h4 Bc7 41. h5 c5 42. hxg6 hxg6 43. Kg5 c4 44. Bd2 Bd6 45. Kxg6 Bxf4 46. Bb4 Kd3 47. Kf5 Bd2 48. Ba3 c3 49. Ke5 c2 50. Kd5 Kc3 51. Ke4 Kb3 52. Kd3 Bh6 0-1

[Event "Sochi ChessAmateur op10"]
[Site "Sochi"]
[Date "2018.10.16"]
[Round "7"]
[White "Filipenko, Alexander V"]
[Black "Terentev, Mikhail"]
[Result "1-0"]
[WhiteElo "2234"]
[BlackElo "2095"]
[PlyCount "91"]
[EventDate "2018.10.12"]
[EventType "swiss"]
[EventRounds "9"]
[EventCountry "RUS"]
[SourceTitle "CBM 187 Extra"]
[Source "ChessBase"]
[SourceDate "2018.11.04"]
[SourceVersion "1"]
[SourceVersionDate "2018.11.04"]
[SourceQuality "1"]

1. e4 e5 2. Nf3 Nc6 3. Bb5 a6 4. Ba4 Nf6 5. 0-0 Be7 6. d3 b5 7. Bb3 d6 8. a4 Bg4 9. c3 0-0 10. h3 Bxf3 11. Qxf3 Na5 12. Bc2 c5 13. Nd2 Rb8 14. axb5 axb5 15. Nb3 Nxb3 16. Bxb3 b4 17. Bc4 Nd7 18. cxb4 Rxb4 19. b3 Rb8 20. Bd2 Ra8 21. Bd5 Rxa1 22. Rxa1 Nf6 23. Bc4 Qd7 24. g4 Bd8 25. Ra6 Ne8 26. Qf5 Qb7 27. g5 Bb6 28. Ra1 g6 29. Qg4 Qc6 30. Rf1 Nc7 31. f4 exf4 32. Rxf4 Qe8 33. Bc3 Ne6 34. Rf6 Nd4 35. Rxd6 Bc7 36. Rd5 Qa8 37. Rxc5 Bb6 38. Bxd4 Bxc5 39. Bxc5 Qa1+ 40. Kg2 Ra8 41. Qf4 Ra2+ 42. Bf2 Qg7 43. b4 Qf8 44. b5 Rb2 45. Qf6 Rc2 46. Kf3 1-0

[Event "Sochi ChessAmateur op10"]
[Site "Sochi"]
[Date "2018.10.15"]
[Round "5"]
[White "Zhapova, Yana"]
[Black "Terentev, Mikhail"]
[Result "0-1"]
[WhiteElo "1768"]
[BlackElo "2095"]
[PlyCount "106"]
[EventDate "2018.10.12"]
[EventType "swiss"]
[EventRounds "9"]
[EventCountry "RUS"]
[SourceTitle "CBM 187 Extra"]
[Source "ChessBase"]
[SourceDate "2018.11.04"]
[SourceVersion "1"]
[SourceVersionDate "2018.11.04"]
[SourceQuality "1"]

1. e4 d6 2. d4 Nf6 3. Nc3 g6 4. Nf3 Bg7 5. Be2 0-0 6. 0-0 Nbd7 7. h3 c5 8. Be3 cxd4 9. Bxd4 Qa5 10. a3 a6 11. Re1 b5 12. Nd5 Qd8 13. Nxf6+ Nxf6 14. Bf1 e5 15. Bc3 Bb7 16. Qd3 Nxe4 17. Rxe4 f5 18. Ree1 e4 19. Qd2 exf3 20. Bxg7 Kxg7 21. gxf3 Qf6 22. Re3 Rfe8 23. Rae1 Kf7 24. f4 Re4 25. Bg2 Rxe3 26. fxe3 Bxg2 27. Qxg2 Re8 28. Qb7+ Re7 29. Qd5+ Kg7 30. Qb3 g5 31. Kh2 g4 32. Rg1 h5 33. Qd3 Qe6 34. Qd4+ Kg8 35. Re1 Rc7 36. c3 Rc4 37. Qd2 Re4 38. Kg3 h4+ 39. Kh2 Kh7 40. Qe2 Kh6 41. Kg2 Qg6 42. Kh2 Qe6 43. Qd2 a5 44. Kg2 d5 45. Qf2 g3 46. Qd2 b4 47. axb4 axb4 48. Kf3 bxc3 49. bxc3 Ra4 50. Rg1 Qe4+ 51. Ke2 Qc4+ 52. Kf3 Ra2 53. Qe1 Qe4# 0-1

[Event "Sochi ChessAmateur op10"]
[Site "Sochi"]
[Date "2018.10.13"]
[Round "3"]
[White "Ospennikov, Dmitry V"]
[Black "Terentev, Mikhail"]
[Result "1-0"]
[WhiteElo "2289"]
[BlackElo "2095"]
[PlyCount "115"]
[EventDate "2018.10.12"]
[EventType "swiss"]
[EventRounds "9"]
[EventCountry "RUS"]
[SourceTitle "CBM 187 Extra"]
[Source "ChessBase"]
[SourceDate "2018.11.04"]
[SourceVersion "1"]
[SourceVersionDate "2018.11.04"]
[SourceQuality "1"]

1. e4 c6 2. Nc3 d5 3. Nf3 Bg4 4. h3 Bxf3 5. Qxf3 e6 6. d3 Nd7 7. Bd2 Ngf6 8. g4 h6 9. 0-0-0 Bb4 10. Kb1 d4 11. Ne2 Bxd2 12. Rxd2 c5 13. h4 Qa5 14. Rd1 Ne5 15. Qg3 Nc6 16. Bg2 0-0-0 17. f4 h5 18. gxh5 Nxh5 19. Qg5 Nf6 20. Bf3 Ne8 21. h5 Nb4 22. a3 Na6 23. Nc1 b5 24. Nb3 Qb6 25. c3 dxc3 26. bxc3 f6 27. Qg1 Qc7 28. Bg4 Rd6 29. e5 Rb6 30. d4 c4 31. Nc5 Nxc5 32. dxc5 Ra6 33. Qg2 Kb8 34. Qb2 Qxc5 35. Qb4 Qxb4+ 36. axb4 fxe5 37. Rd8+ Kc7 38. Rhd1 e4 39. R1d7+ Kc6 40. Re7 Ra3 41. Rc8+ Kb6 42. Rxe6+ Kb7 43. Re7+ Kb6 44. Kb2 Rb3+ 45. Kc2 Nf6 46. Re6+ Kb7 47. Rxh8 Nd5 48. Rxe4 Rxc3+ 49. Kd2 Rd3+ 50. Ke1 c3 51. Bd1 Ne3 52. Bf3 Nc2+ 53. Kf2 Kc7 54. Re7+ Rd7 55. Rxd7+ Kxd7 56. Be4 Nxb4 57. Rg8 c2 58. Rxg7+ 1-0

[Event "Sochi ChessAmateur op10"]
[Site "Sochi"]
[Date "2018.10.13"]
[Round "2"]
[White "Terentev, Mikhail"]
[Black "Litvinov, Maxim"]
[Result "1/2-1/2"]
[WhiteElo "2095"]
[BlackElo "2305"]
[PlyCount "90"]
[EventDate "2018.10.12"]
[EventType "swiss"]
[EventRounds "9"]
[EventCountry "RUS"]
[SourceTitle "CBM 187 Extra"]
[Source "ChessBase"]
[SourceDate "2018.11.04"]
[SourceVersion "1"]
[SourceVersionDate "2018.11.04"]
[SourceQuality "1"]

1. e4 e5 2. Nf3 Nc6 3. Bb5 Nf6 4. d3 d6 5. h3 g6 6. 0-0 Bg7 7. d4 0-0 8. dxe5 Nxe5 9. Nxe5 dxe5 10. Nc3 a6 11. Qxd8 Rxd8 12. Bd3 Be6 13. Be3 Nh5 14. Rfd1 f5 15. Bg5 Rd4 16. Be2 Nf6 17. Bf3 c6 18. Be3 Rdd8 19. Bb6 Rd7 20. Re1 f4 21. Na4 Bf8 22. Ba5 Re8 23. Nb6 Rdd8 24. b3 Nd7 25. Rad1 Nxb6 26. Bxb6 Rxd1 27. Rxd1 Be7 28. Bc7 Bf6 29. Bg4 Kf7 30. Bxe6+ Kxe6 31. Kf1 Be7 32. c4 h5 33. Ke2 g5 34. g3 Rf8 35. Bb6 Rf7 36. Rg1 g4 37. hxg4 f3+ 38. Kd3 hxg4 39. Rh1 Bg5 40. Kc3 Rd7 41. Rh5 Kf6 42. Rh8 Bd2+ 43. Kc2 Bb4 44. Be3 Rg7 45. Rh6+ Rg6 1/2-1/2

[Event "Minsk Amateur op"]
[Site "Minsk"]
[Date "2018.06.28"]
[Round "5"]
[White "Vlassow, Valentin"]
[Black "Terentev, Mikhail"]
[Result "1-0"]
[WhiteElo "2279"]
[BlackElo "2091"]
[PlyCount "53"]
[EventDate "2018.06.25"]
[EventType "swiss"]
[EventRounds "9"]
[EventCountry "BLR"]
[SourceTitle "CBM 185 Extra"]
[Source "ChessBase"]
[SourceDate "2018.07.29"]
[SourceVersion "1"]
[SourceVersionDate "2018.07.29"]
[SourceQuality "1"]

1. e4 c6 2. d4 d5 3. Nc3 dxe4 4. Nxe4 Bf5 5. Ng3 Bg6 6. h4 h6 7. Nf3 Nd7 8. h5 Bh7 9. Bd3 Bxd3 10. Qxd3 e6 11. Bd2 Ngf6 12. 0-0-0 Be7 13. Qe2 0-0 14. Nf1 c5 15. g4 cxd4 16. g5 hxg5 17. Bxg5 Qa5 18. Kb1 e5 19. Ng3 Bd8 20. Nf5 Qd5 21. Qe1 Qe6 22. N3h4 Nxh5 23. Qg1 Bf6 24. Qg4 Bxg5 25. Qxg5 g6 26. Ne7+ Kh7 27. Nhf5 1-0

[Event "Minsk Amateur op"]
[Site "Minsk"]
[Date "2018.06.27"]
[Round "4"]
[White "Terentev, Mikhail"]
[Black "Stetsko, Lanita"]
[Result "1-0"]
[WhiteElo "2091"]
[BlackElo "2209"]
[PlyCount "95"]
[EventDate "2018.06.25"]
[EventType "swiss"]
[EventRounds "9"]
[EventCountry "BLR"]
[SourceTitle "CBM 185 Extra"]
[Source "ChessBase"]
[SourceDate "2018.07.29"]
[SourceVersion "1"]
[SourceVersionDate "2018.07.29"]
[SourceQuality "1"]

1. e4 e5 2. Nf3 Nc6 3. Bb5 a6 4. Ba4 Nf6 5. 0-0 Be7 6. Re1 b5 7. Bb3 d6 8. c3 0-0 9. h3 Nb8 10. d4 Nbd7 11. Nbd2 Bb7 12. Bc2 Re8 13. Nf1 Bf8 14. Ng3 g6 15. a4 c5 16. d5 c4 17. Be3 Nc5 18. Qd2 Nfd7 19. Nh2 Be7 20. Ng4 Kh8 21. Nh6 Rf8 22. Rf1 bxa4 23. Bxa4 Nxa4 24. Rxa4 a5 25. Rfa1 Qc7 26. Qe2 Nb6 27. Bxb6 Qxb6 28. Qxc4 Bg5 29. Ng4 Bh4 30. Qd3 Bxg3 31. Qxg3 f5 32. exf5 gxf5 33. Nxe5 dxe5 34. Qxe5+ Qf6 35. Qxf6+ Rxf6 36. Rxa5 Rd8 37. Rd1 f4 38. f3 Rf5 39. c4 Re5 40. Kf1 Re3 41. Ra7 Rb3 42. Rd2 Bc8 43. d6 Bf5 44. c5 Rd3 45. Rxd3 Bxd3+ 46. Ke1 Bb5 47. Rb7 Bc6 48. Rc7 1-0

[Event "Minsk Amateur op"]
[Site "Minsk"]
[Date "2018.06.26"]
[Round "2"]
[White "Terentev, Mikhail"]
[Black "Makoveev, Ilya"]
[Result "1/2-1/2"]
[WhiteElo "2091"]
[BlackElo "2254"]
[PlyCount "88"]
[EventDate "2018.06.25"]
[EventType "swiss"]
[EventRounds "9"]
[EventCountry "BLR"]
[SourceTitle "CBM 185 Extra"]
[Source "ChessBase"]
[SourceDate "2018.07.29"]
[SourceVersion "1"]
[SourceVersionDate "2018.07.29"]
[SourceQuality "1"]

1. e4 c5 2. Nf3 d6 3. d4 cxd4 4. Nxd4 Nf6 5. Nc3 a6 6. f3 e5 7. Nb3 Be6 8. Be3 Be7 9. Qd2 0-0 10. 0-0-0 Nbd7 11. g4 b5 12. g5 b4 13. gxf6 bxc3 14. Qxc3 Nxf6 15. Na5 Qd7 16. Nc6 Rac8 17. Nxe7+ Qxe7 18. Qa5 Rc6 19. Rg1 Rfc8 20. Kb1 Kh8 21. b3 Qb7 22. Rg2 Bh3 23. Rgd2 Bxf1 24. Rxf1 Rc3 25. Bg5 Ne8 26. Rff2 h6 27. Bh4 R8c5 28. Qa4 f5 29. Rfe2 R5c4 30. Qa5 fxe4 31. fxe4 Rxe4 32. Rxe4 Qxe4 33. Qxa6 Rc6 34. Qa4 Qxa4 35. bxa4 g5 36. Bg3 Kg7 37. Kb2 Kf7 38. Kb3 Ke6 39. c4 Nc7 40. Kb4 Rb6+ 41. Kc3 Ra6 42. Kb4 Rb6+ 43. Kc3 Ra6 44. Kb4 Rb6+ 1/2-1/2